000 00572nam a22001817a 4500
003 OSt
005 20201105100655.0
008 150129s201u dr 000 0 spa d
040 _aDO-SdBNP
_bspa
_cBNPHU
082 _axxxx
_bxxx
100 1 _aIsa Conde, Narciso
_964488
_d1942-
245 1 0 _aActualidad del tránsito hacia un nuevo socialismo /
_cNarciso Isa Conde
260 _aSanto Domingo :
_aTropical,
_c[201-]
300 _a40 p. :
_c21 cm.
500 _aIncluye datos biográficos del autor en la contraportada.
590 _aInventariado, 2020/ YL
942 _2ddc
_cLF2
999 _c49075
_d49075